000 01991nam a2200289Ia 4500
000 02849naaa 00505uu
001 https://directory.doabooks.org/handle/20.500.12854/26116
005 20260218110016.0
008 211013s9999 xx 000 0 und d
020 _a978-3-030-32373-8
024 _a10.1007/978-3-030-32373-8
042 _adc
245 0 _aSustainable Rice Straw Management
260 _aCham
_bSpringer Nature
_c2020
300 _a1 electronic resource (192 p.)
520 _aThis open access book on straw management aims to provide a wide array of options for rice straw management that are potentially more sustainable, environmental, and profitable compared to current practice. The book is authored by expert researchers, engineers and innovators working on a range of straw management options with case studies from Vietnam, the Philippines and Cambodia. The book is written for engineers and researchers in order to provide them information on current good practice and the gaps and constraints that require further research and innovation. The book is also aimed at extension workers and farmers to help them decide on the best alternative straw management options in their area by presenting both the technological options as well as the value chains and business models required to make them work. The book will also be useful for policy makers, required by public opinion to reduce greenhouse gas emissions and air pollution, looking for research-based evidence to guide the policies they develop and implement.
540 _aCreative Commons
653 _aEnvironment
700 1 _aChivenge, Pauline
700 1 _aDouthwaite, Boru
700 1 _aGummert, Martin
700 1 _aGummert, Martin
700 1 _aHung, Nguyen Van
856 _uhttps://docs.google.com/spreadsheets/d/1yKIrdCPDAG_9c22mwoOIO2DOhtj65Wqa/edit?usp=sharing&ouid=106555315294820607512&rtpof=true&sd=true
_yList of Curated E-Books
942 _cE-BOOK
999 _c53066
_d53066